Nghiên cứu tác động của văn hóa doanh nghiệp đến động lực làm việc và lòng trung thành của người lao động thuộc tổng công ty lắp máy Việt Nam : Luận án Tiến sĩ. Chuyên ngành Quản trị kinh doanh

Nghiên cứu tác động của văn hóa doanh nghiệp đến động lực làm việc và lòng trung thành của người lao động tại LILAMA, từ đó đề xuất các hàm ý quản trị xây dựng văn hóa doanh nghiệp vững mạnh tại LILAMA....

Celý popis

Uloženo v:
Podrobná bibliografie
Hlavní autor: Bùi, Thị Minh Thu
Médium: Kniha
Jazyk:Undetermined
Vydáno: Cần Thơ Trường Đại Học Cần Thơ 2019
Témata:
Tagy: Přidat tag
Žádné tagy, Buďte první, kdo otaguje tento záznam!
Thư viện lưu trữ: Trung tâm Học liệu Trường Đại học Cần Thơ
LEADER 01224nam a2200205Ia 4500
001 CTU_231503
008 210402s9999 xx 000 0 und d
082 |a 658.3 
082 |b Th500 
088 |a 62340102 
100 |a Bùi, Thị Minh Thu 
245 0 |a Nghiên cứu tác động của văn hóa doanh nghiệp đến động lực làm việc và lòng trung thành của người lao động thuộc tổng công ty lắp máy Việt Nam : 
245 0 |b Luận án Tiến sĩ. Chuyên ngành Quản trị kinh doanh 
245 0 |c Bùi Thị Minh Thu ; Lê Nguyễn Đoan Khôi (Cán bộ hướng dẫn) 
260 |a Cần Thơ 
260 |b Trường Đại Học Cần Thơ 
260 |c 2019 
520 |a Nghiên cứu tác động của văn hóa doanh nghiệp đến động lực làm việc và lòng trung thành của người lao động tại LILAMA, từ đó đề xuất các hàm ý quản trị xây dựng văn hóa doanh nghiệp vững mạnh tại LILAMA. 
650 |a Quản lý nhân sự,Personnel management 
980 |a Trung tâm Học liệu Trường Đại học Cần Thơ